| 000 | 01063cam a2200301 i 4500 | ||
|---|---|---|---|
| 001 | .b22245261 | ||
| 008 | 100614s2009 cc 000 0 chi d | ||
| 020 | _a9789622087514 (平裝) : | ||
| 040 |
_aNTNU _bchi _cNTNU _eCCR |
||
| 041 | 0 |
_achi _aeng |
|
| 042 | _anbic | ||
| 050 | _aHD4905 | ||
| 245 | 0 | 0 |
_a職場倫理學 = Zhi chang lun li xue = Integrity at work {ch} / _c賈詩勒(Norman L. Geisler), 道格拉斯(Randy Douglass)著 ; 紀榮神譯 |
| 246 | 1 | 3 | _aIntegrity at work. |
| 250 | _a初版 | ||
| 260 |
_a香港九龍 : _b天道書樓, _c2009.03. |
||
| 300 |
_a303面 ; _c21公分 |
||
| 440 | _aFaith at work series. | ||
| 500 | _a國科會研究人文及社會科學研究圖書設備計畫, 規劃主題:心理適應與心理衛生 | ||
| 500 | _a譯自 : Integrity at work. | ||
| 500 | _a部分內容為英文 | ||
| 500 | _a附錄 : 箴言的商業原則 | ||
| 650 | 7 |
_a基督徒 _2csh. |
|
| 650 | 7 |
_a職場成功法 _2csh. |
|
| 700 | 1 |
_a賈詩勒 _q(Geisler, Norman L.) |
|
| 700 | 1 |
_a道格拉斯 _q(Douglass, Randy) |
|
| 942 |
_2lcc _cBK |
||
| 999 |
_c38409 _d38409 |
||